000
00293nam a2200109Ia 4500
008
171211s9999 xx 000 0 und d
245
_a
Building Colonial Cities of God
245
_c
Karen Melvin
260
_c
2012
650
_x
RELIGION
856
_u
http://down.ebook777.com/064/0804774862.pdf
999
_c
350552
_d
350552